| 000 | 00456nam a2200181Ia 4500 | ||
|---|---|---|---|
| 001 | 18673 | ||
| 005 | 20260306171648.0 | ||
| 008 | 260306s9999||||xx |||||||||||||| ||und|| | ||
| 041 | _aESP | ||
| 082 |
_a658.45 _bK71 |
||
| 100 |
_aKoester, Almut _eAUT |
||
| 245 | 0 |
_aEl lenguaje del trabajo: _bcómo desenvolverse en un entorno profesional |
|
| 260 | _c2008 | ||
| 300 |
_a198 P. _c21 cm. |
||
| 650 | _aGEN | ||
| 654 | _aCAN | ||
| 942 |
_cLIB _dJUS _fJUS _2ddc _n |
||
| 999 |
_c18673 _d18673 |
||